[Event "SportAccord MindGames Final Tournament"]
[Site "playchess.com #044013"]
[Date "2011.10.29"]
[Round "3"]
[White "ChennaiKramnik"]
[Black "FCChelsea"]
[Result "1-0"]
[WhiteElo "2538"]
[BlackElo "2544"]
[PlyCount "121"]
[EventDate "2011.10.29"]
[EventType "tourn (blitz)"]

1. d4 {[%emt 0:00:02]} Nf6 {[%emt 0:00:01]} 2. c4 {[%emt 0:00:01]} e6 {[%emt 0:
00:01]} 3. Nc3 {[%emt 0:00:01]} Bb4 {[%emt 0:00:02]} 4. a3 {[%emt 0:00:01]}
Bxc3+ {[%emt 0:00:02]} 5. bxc3 {[%emt 0:00:01]} b6 {[%emt 0:00:01]} 6. e3 {
[%emt 0:00:01]} Nc6 {[%emt 0:00:03]} 7. Bd3 {[%emt 0:00:01]} Ba6 {[%emt 0:00:
01]} 8. e4 {[%emt 0:00:04]} Na5 {[%emt 0:00:07]} 9. Bg5 {[%emt 0:00:05]} h6 {
[%emt 0:00:03]} 10. Bh4 {[%emt 0:00:01]} g5 {[%emt 0:00:01]} 11. Bg3 {[%emt 0:
00:01]} d6 {[%emt 0:00:05]} 12. Nf3 {[%emt 0:00:11]} Nh5 {[%emt 0:00:04]} 13.
Nd2 {[%emt 0:00:01]} Nxg3 {[%emt 0:00:04]} 14. hxg3 {[%emt 0:00:01]} c5 {[%emt
0:00:04]} 15. Qe2 {[%emt 0:00:08]} e5 {[%emt 0:00:02]} 16. d5 {[%emt 0:00:07]}
Qf6 {[%emt 0:00:01]} 17. Qg4 {[%emt 0:00:09]} Bc8 {[%emt 0:00:03]} 18. Qe2 {
[%emt 0:00:06]} Bd7 {[%emt 0:00:01]} 19. Bc2 {[%emt 0:00:07]} O-O-O {[%emt 0:
00:02]} 20. O-O-O {[%emt 0:00:05]} Qg6 {[%emt 0:00:06]} 21. g4 {[%emt 0:00:08]}
Kc7 {[%emt 0:00:05]} 22. Nf1 {[%emt 0:00:02]} Rh7 {[%emt 0:00:32]} 23. Ne3 {
[%emt 0:00:16]} Rb8 {[%emt 0:00:02]} 24. Bd3 {[%emt 0:00:07]} Qf6 {[%emt 0:00:
08]} 25. Kd2 {[%emt 0:00:09]} Nb3+ {[%emt 0:00:04]} 26. Ke1 {[%emt 0:00:01]}
Na5 {[%emt 0:00:04]} 27. g3 {[%emt 0:00:05]} Rbh8 {[%emt 0:00:02]} 28. Kf1 {
[%emt 0:00:05]} Qg6 {[%emt 0:00:01]} 29. Kg2 {[%emt 0:00:10]} h5 {[%emt 0:00:
07]} 30. gxh5 {[%emt 0:00:01]} Rxh5 {[%emt 0:00:01]} 31. Rxh5 {[%emt 0:00:01]}
Qxh5 {[%emt 0:00:04]} 32. Qxh5 {[%emt 0:00:02]} Rxh5 {[%emt 0:00:01]} 33. Be2 {
[%emt 0:00:03]} Rh8 {[%emt 0:00:05]} 34. Rb1 {[%emt 0:00:06]} Bc8 {[%emt 0:00:
03]} 35. Rb2 {[%emt 0:00:05]} Ba6 {[%emt 0:00:01]} 36. Rb1 {[%emt 0:00:01]} Bc8
{[%emt 0:00:07]} 37. Rb2 {[%emt 0:00:01]} Bh3+ {[%emt 0:00:02]} 38. Kg1 {[%emt
0:00:03]} Bd7 {[%emt 0:00:01]} 39. Kg2 {[%emt 0:00:02]} Nb7 {[%emt 0:00:06]}
40. Bg4 {[%emt 0:00:05]} Ba4 {[%emt 0:00:11]} 41. Bf5 {[%emt 0:00:07]} Na5 {
[%emt 0:00:01]} 42. Bg4 {[%emt 0:00:02]} a6 {[%emt 0:00:02]} 43. Be2 {[%emt 0:
00:20]} Rb8 {[%emt 0:00:09]} 44. Rb1 {[%emt 0:00:16]} Rh8 {[%emt 0:00:02]} 45.
Rb2 {[%emt 0:00:03]} Bd7 {[%emt 0:00:21]} 46. Bd3 {[%emt 0:00:04]} Nb7 {[%emt
0:00:06]} 47. Be2 {[%emt 0:00:02]} Na5 {[%emt 0:00:02]} 48. Bd3 {[%emt 0:00:01]
} Rb8 {[%emt 0:00:06]} 49. Be2 {[%emt 0:00:02]} Kd8 {[%emt 0:00:04]} 50. Bd3 {
[%emt 0:00:06]} Kc7 {[%emt 0:00:03]} 51. Be2 {[%emt 0:00:01]} b5 {[%emt 0:00:
01]} 52. cxb5 {[%emt 0:00:02]} axb5 {[%emt 0:00:07]} 53. Nc2 {[%emt 0:00:13]}
c4 {[%emt 0:00:12]} 54. Bh5 {[%emt 0:00:12]} f6 {[%emt 0:00:07]} 55. Kf3 {
[%emt 0:00:02]} Nb3 {[%emt 0:00:02]} 56. Ke3 {[%emt 0:00:10]} Rh8 {[%emt 0:00:
06]} 57. Be2 {[%emt 0:00:03]} Rh1 {[%emt 0:00:11]} 58. a4 {[%emt 0:00:01]} bxa4
{[%emt 0:00:01]} 59. Bxc4 {[%emt 0:00:02]} Nc5 {[%emt 0:00:01]} 60. Ra2 {[%emt
0:00:10]} Re1+ {[%emt 0:00:02]} 61. Nxe1 {[%emt 0:00:02] FCChelsea resigns} 1-0

[Event "SportAccord MindGames Final Tournament"]
[Site "playchess.com #044013"]
[Date "2011.10.29"]
[Round "3"]
[White "Vlad_Artemiev"]
[Black "DirtyJoker"]
[Result "1-0"]
[WhiteElo "2900"]
[BlackElo "2585"]
[PlyCount "183"]
[EventDate "2011.10.29"]
[EventType "tourn (blitz)"]

1. e4 {[%emt 0:00:02]} c5 {[%emt 0:00:02]} 2. d3 {[%emt 0:00:03]} g6 {[%emt 0:
00:02]} 3. g3 {[%emt 0:00:01]} Bg7 {[%emt 0:00:01]} 4. Bg2 {[%emt 0:00:01]} Nc6
{[%emt 0:00:01]} 5. f4 {[%emt 0:00:01]} e6 {[%emt 0:00:04]} 6. Nf3 {[%emt 0:00:
01]} d6 {[%emt 0:00:01]} 7. O-O {[%emt 0:00:01]} Nge7 {[%emt 0:00:01]} 8. c3 {
[%emt 0:00:01]} b5 {[%emt 0:00:04]} 9. Be3 {[%emt 0:00:14]} b4 {[%emt 0:00:02]}
10. d4 {[%emt 0:00:02]} bxc3 {[%emt 0:00:02]} 11. Nxc3 {[%emt 0:00:02]} cxd4 {
[%emt 0:00:10]} 12. Nxd4 {[%emt 0:00:01]} O-O {[%emt 0:00:01]} 13. Qd2 {[%emt
0:00:03]} Rb8 {[%emt 0:00:03]} 14. b3 {[%emt 0:00:06]} Nxd4 {[%emt 0:00:05]}
15. Bxd4 {[%emt 0:00:01]} Bxd4+ {[%emt 0:00:05]} 16. Qxd4 {[%emt 0:00:00]} Qb6
{[%emt 0:00:01]} 17. Qxb6 {[%emt 0:00:04]} Rxb6 {[%emt 0:00:01]} 18. Rac1 {
[%emt 0:00:05]} Ba6 {[%emt 0:00:06]} 19. Rfd1 {[%emt 0:00:36]} Rc8 {[%emt 0:00:
04]} 20. Na4 {[%emt 0:00:05]} Rbc6 {[%emt 0:00:01]} 21. Rxc6 {[%emt 0:00:01]}
Rxc6 {[%emt 0:00:01]} 22. Rd2 {[%emt 0:00:05]} h5 {[%emt 0:00:16]} 23. Kf2 {
[%emt 0:00:01]} Kf8 {[%emt 0:00:01]} 24. Bf3 {[%emt 0:00:06]} Ke8 {[%emt 0:00:
02]} 25. Be2 {[%emt 0:00:09]} Bxe2 {[%emt 0:00:05]} 26. Kxe2 {[%emt 0:00:00]}
Kd7 {[%emt 0:00:01]} 27. Nb2 {[%emt 0:00:02]} d5 {[%emt 0:00:06]} 28. Nc4 {
[%emt 0:00:24]} Ke8 {[%emt 0:00:02]} 29. exd5 {[%emt 0:00:26]} Nxd5 {[%emt 0:
00:01]} 30. Kd3 {[%emt 0:00:12]} Ke7 {[%emt 0:00:03]} 31. a3 {[%emt 0:00:04]}
h4 {[%emt 0:00:05]} 32. Rc2 {[%emt 0:00:13]} Rc8 {[%emt 0:00:05]} 33. Ne3 {
[%emt 0:00:20]} Rd8 {[%emt 0:00:32]} 34. Nxd5+ {[%emt 0:00:03]} Rxd5+ {[%emt 0:
00:01]} 35. Ke3 {[%emt 0:00:03]} hxg3 {[%emt 0:00:01]} 36. hxg3 {[%emt 0:00:01]
} Rd7 {[%emt 0:00:04]} 37. Rc6 {[%emt 0:00:05]} Kf6 {[%emt 0:00:02]} 38. Rc5 {
[%emt 0:00:04]} Rd1 {[%emt 0:00:11]} 39. Ra5 {[%emt 0:00:03]} Rd7 {[%emt 0:00:
04]} 40. b4 {[%emt 0:00:01]} Ke7 {[%emt 0:00:06]} 41. Ra6 {[%emt 0:00:05]} Kf6
{[%emt 0:00:02]} 42. Ra5 {[%emt 0:00:05]} Ke7 {[%emt 0:00:01]} 43. Ke4 {[%emt
0:00:01]} Kd8 {[%emt 0:00:02]} 44. Ke5 {[%emt 0:00:04]} Ke7 {[%emt 0:00:01]}
45. Ke4 {[%emt 0:00:06]} Kf6 {[%emt 0:00:01]} 46. g4 {[%emt 0:00:01]} Ke7 {
[%emt 0:00:04]} 47. a4 {[%emt 0:00:04]} f6 {[%emt 0:00:11]} 48. g5 {[%emt 0:00:
06]} Rc7 {[%emt 0:00:02]} 49. b5 {[%emt 0:00:03]} Rc4+ {[%emt 0:00:10]} 50. Ke3
{[%emt 0:00:02]} Rc3+ {[%emt 0:00:01]} 51. Kd4 {[%emt 0:00:01]} Rc7 {[%emt 0:
00:01]} 52. Ra6 {[%emt 0:00:01]} Kf7 {[%emt 0:00:31] '} 53. a5 {[%emt 0:00:01]}
Ke7 {[%emt 0:00:01]} 54. b6 {[%emt 0:00:03]} axb6 {[%emt 0:00:01]} 55. axb6 {
[%emt 0:00:01]} Rd7+ {[%emt 0:00:03]} 56. Kc5 {[%emt 0:00:03]} fxg5 {[%emt 0:
00:01]} 57. fxg5 {[%emt 0:00:01]} Rd1 {[%emt 0:00:04]} 58. Ra7+ {[%emt 0:00:02]
} Kd8 {[%emt 0:00:02]} 59. Rg7 {[%emt 0:00:02]} Kc8 {[%emt 0:00:05]} 60. Rxg6 {
[%emt 0:00:02]} e5 {[%emt 0:00:02]} 61. Rg8+ {[%emt 0:00:04]} Kb7 {[%emt 0:00:
01]} 62. Rg7+ {[%emt 0:00:01]} Kb8 {[%emt 0:00:02]} 63. g6 {[%emt 0:00:01]} Rg1
{[%emt 0:00:05]} 64. Kc6 {[%emt 0:00:03]} Rc1+ {[%emt 0:00:01]} 65. Kd5 {[%emt
0:00:01]} Rg1 {[%emt 0:00:24]} 66. Kxe5 {[%emt 0:00:04]} Re1+ {[%emt 0:00:01]}
67. Kf6 {[%emt 0:00:01]} Rf1+ {[%emt 0:00:01]} 68. Ke6 {[%emt 0:00:01]} Re1+ {
[%emt 0:00:01]} 69. Kf7 {[%emt 0:00:01]} Rf1+ {[%emt 0:00:01]} 70. Kg8 {[%emt
0:00:01]} Rg1 {[%emt 0:00:01]} 71. Kf7 {[%emt 0:00:03]} Rf1+ {[%emt 0:00:01]}
72. Ke6 {[%emt 0:00:01]} Re1+ {[%emt 0:00:01]} 73. Kd5 {[%emt 0:00:01]} Rd1+ {
[%emt 0:00:01]} 74. Ke4 {[%emt 0:00:01]} Re1+ {[%emt 0:00:01]} 75. Kf3 {[%emt
0:00:02]} Rg1 {[%emt 0:00:01]} 76. b7 {[%emt 0:00:04]} Ka7 {[%emt 0:00:02]} 77.
Rg8 {[%emt 0:00:08]} Kxb7 {[%emt 0:00:03]} 78. Kf4 {[%emt 0:00:00]} Rc1 {[%emt
0:00:06]} 79. Kg5 {[%emt 0:00:02]} Kc7 {[%emt 0:00:12]} 80. Re8 {[%emt 0:00:03]
} Kd7 {[%emt 0:00:04]} 81. Re2 {[%emt 0:00:01]} Rg1+ {[%emt 0:00:03]} 82. Kf6 {
[%emt 0:00:01]} Rf1+ {[%emt 0:00:01]} 83. Kg7 {[%emt 0:00:01]} Rg1 {[%emt 0:00:
06]} 84. Kf7 {[%emt 0:00:01]} Rf1+ {[%emt 0:00:01]} 85. Kg8 {[%emt 0:00:00]}
Rg1 {[%emt 0:00:01]} 86. g7 {[%emt 0:00:01]} Rg3 {[%emt 0:00:02]} 87. Re4 {
[%emt 0:00:02]} Rg1 {[%emt 0:00:02]} 88. Kf7 {[%emt 0:00:01]} Rf1+ {[%emt 0:00:
01]} 89. Kg6 {[%emt 0:00:01]} Rg1+ {[%emt 0:00:01]} 90. Kf6 {[%emt 0:00:01]}
Rf1+ {[%emt 0:00:01]} 91. Kg5 {[%emt 0:00:01]} Rg1+ {[%emt 0:00:01]} 92. Rg4 {
[%emt 0:00:01] DirtyJoker resigns} 1-0

[Event "SportAccord MindGames Final Tournament"]
[Site "playchess.com #044013"]
[Date "2011.10.29"]
[Round "4"]
[White "Itachi"]
[Black "DirtyJoker"]
[Result "0-1"]
[WhiteElo "2641"]
[BlackElo "2580"]
[PlyCount "70"]
[EventDate "2011.10.29"]
[EventType "tourn (blitz)"]

1. e4 {[%emt 0:00:02]} c5 {[%emt 0:00:01]} 2. Nf3 {[%emt 0:00:01]} d6 {[%emt 0:
00:01]} 3. d4 {[%emt 0:00:00]} cxd4 {[%emt 0:00:00]} 4. Nxd4 {[%emt 0:00:00]}
Nf6 {[%emt 0:00:00]} 5. Nc3 {[%emt 0:00:00]} Nc6 {[%emt 0:00:01]} 6. Bc4 {
[%emt 0:00:02]} Qb6 {[%emt 0:00:01]} 7. Nb3 {[%emt 0:00:01]} e6 {[%emt 0:00:01]
} 8. Be3 {[%emt 0:00:02]} Qc7 {[%emt 0:00:01]} 9. Bd3 {[%emt 0:00:01]} a6 {
[%emt 0:00:02]} 10. a4 {[%emt 0:00:01]} b6 {[%emt 0:00:01]} 11. f4 {[%emt 0:00:
01]} Be7 {[%emt 0:00:01]} 12. O-O {[%emt 0:00:01]} Bb7 {[%emt 0:00:01]} 13. Qe2
{[%emt 0:00:05]} O-O {[%emt 0:00:04]} 14. g4 {[%emt 0:00:01]} Rfe8 {[%emt 0:00:
01]} 15. g5 {[%emt 0:00:11]} Nd7 {[%emt 0:00:01]} 16. Qh5 {[%emt 0:00:05]} Nb4
{[%emt 0:00:05]} 17. Rf3 {[%emt 0:00:24]} Nf8 {[%emt 0:00:04]} 18. a5 {[%emt 0:
00:08]} b5 {[%emt 0:00:09]} 19. Bb6 {[%emt 0:00:02]} Qd7 {[%emt 0:00:08]} 20.
Raf1 {[%emt 0:00:10]} d5 {[%emt 0:00:09]} 21. e5 {[%emt 0:00:06]} d4 {[%emt 0:
00:07]} 22. Ne4 {[%emt 0:00:03]} Nxd3 {[%emt 0:00:06]} 23. cxd3 {[%emt 0:00:06]
} Rac8 {[%emt 0:00:22]} 24. Nf6+ {[%emt 0:00:13]} Bxf6 {[%emt 0:00:07]} 25.
gxf6 {[%emt 0:00:05]} Bxf3 {[%emt 0:00:01]} 26. Rxf3 {[%emt 0:00:05]} Qd5 {
[%emt 0:00:30]} 27. Rg3 {[%emt 0:00:17]} Ng6 {[%emt 0:00:03]} 28. Rh3 {[%emt 0:
00:27]} h6 {[%emt 0:00:02]} 29. Nxd4 {[%emt 0:00:54]} Nxf4 {[%emt 0:00:04]} 30.
Qg4 {[%emt 0:00:07]} Rc1+ {[%emt 0:00:02]} 31. Kf2 {[%emt 0:00:03]} Nxh3+ {
[%emt 0:00:01]} 32. Qxh3 {[%emt 0:00:01]} Qxe5 {[%emt 0:00:01]} 33. Nf3 {[%emt
0:00:04]} Rc2+ {[%emt 0:00:03]} 34. Kg1 {[%emt 0:00:06]} Qe2 {[%emt 0:00:08]}
35. Qg3 {[%emt 0:00:06]} Rc1+ {[%emt 0:00:02] Itachi resigns} 0-1

[Event "SportAccord MindGames Final Tournament"]
[Site "playchess.com #044013"]
[Date "2011.10.29"]
[Round "4"]
[White "Sourisblanche"]
[Black "Munkhgal"]
[Result "1-0"]
[WhiteElo "2634"]
[BlackElo "2459"]
[PlyCount "49"]
[EventDate "2011.10.29"]
[EventType "tourn (blitz)"]

1. e4 {[%emt 0:00:02]} c5 {[%emt 0:00:02]} 2. Nf3 {[%emt 0:00:02]} d6 {[%emt 0:
00:02]} 3. d4 {[%emt 0:00:01]} cxd4 {[%emt 0:00:01]} 4. Nxd4 {[%emt 0:00:01]}
Nf6 {[%emt 0:00:01]} 5. Nc3 {[%emt 0:00:01]} a6 {[%emt 0:00:00]} 6. Bg5 {[%emt
0:00:01]} Nbd7 {[%emt 0:00:02]} 7. Bc4 {[%emt 0:00:02]} Qb6 {[%emt 0:00:05]} 8.
Qd2 {[%emt 0:00:05]} Qxb2 {[%emt 0:00:13]} 9. Rb1 {[%emt 0:00:12]} Qa3 {[%emt
0:00:01]} 10. O-O {[%emt 0:00:01]} Qc5 {[%emt 0:00:03]} 11. Bd5 {[%emt 0:00:10]
} Qc7 {[%emt 0:00:07]} 12. f4 {[%emt 0:00:10]} e6 {[%emt 0:00:16]} 13. Bxe6 {
[%emt 0:00:01]} fxe6 {[%emt 0:00:07]} 14. Nxe6 {[%emt 0:00:01]} Qa5 {[%emt 0:
00:09]} 15. e5 {[%emt 0:00:16]} dxe5 {[%emt 0:00:18]} 16. Rbe1 {[%emt 0:00:07]}
Bb4 {[%emt 0:00:11]} 17. fxe5 {[%emt 0:00:13]} Bxc3 {[%emt 0:00:07]} 18. exf6 {
[%emt 0:00:02]} Nxf6 {[%emt 0:00:28]} 19. Nxg7+ {[%emt 0:00:55]} Kf7 {[%emt 0:
00:01]} 20. Rxf6+ {[%emt 0:00:13]} Kxg7 {[%emt 0:00:23]} 21. Bh6+ {[%emt 0:00:
22]} Kxf6 {[%emt 0:00:06]} 22. Qd6+ {[%emt 0:00:05]} Kf7 {[%emt 0:00:41]} 23.
Re7+ {[%emt 0:00:03]} Kg8 {[%emt 0:00:03]} 24. Qg3+ {[%emt 0:00:04]} Bg4 {
[%emt 0:00:08]} 25. Qxg4+ {[%emt 0:00:03] Munkhgal resigns} 1-0

[Event "SportAccord MindGames Final Tournament"]
[Site "playchess.com #044013"]
[Date "2011.10.29"]
[Round "4"]
[White "Gan-Od_Sereenen"]
[Black "Lord Shiva"]
[Result "1/2-1/2"]
[WhiteElo "2615"]
[BlackElo "2695"]
[PlyCount "80"]
[EventDate "2011.10.29"]
[EventType "tourn (blitz)"]

1. c4 {[%emt 0:00:02]} Nf6 {[%emt 0:00:01]} 2. g3 {[%emt 0:00:02]} e6 {[%emt 0:
00:01]} 3. Bg2 {[%emt 0:00:01]} Be7 {[%emt 0:00:01]} 4. Nf3 {[%emt 0:00:01]}
O-O {[%emt 0:00:01]} 5. O-O {[%emt 0:00:00]} b6 {[%emt 0:00:01]} 6. Nc3 {[%emt
0:00:02]} Bb7 {[%emt 0:00:01]} 7. d4 {[%emt 0:00:01]} d5 {[%emt 0:00:01]} 8.
cxd5 {[%emt 0:00:01]} exd5 {[%emt 0:00:01]} 9. Bg5 {[%emt 0:00:02]} Nbd7 {
[%emt 0:00:02]} 10. Rc1 {[%emt 0:00:01]} Rc8 {[%emt 0:00:02]} 11. Ne5 {[%emt 0:
00:03]} Ne4 {[%emt 0:00:04]} 12. Bxe7 {[%emt 0:00:05]} Qxe7 {[%emt 0:00:02]}
13. Nxd7 {[%emt 0:00:02]} Qxd7 {[%emt 0:00:02]} 14. Nxe4 {[%emt 0:00:01]} dxe4
{[%emt 0:00:01]} 15. e3 {[%emt 0:00:00]} Bd5 {[%emt 0:00:07]} 16. a3 {[%emt 0:
00:02]} c6 {[%emt 0:00:03]} 17. h4 {[%emt 0:00:14]} b5 {[%emt 0:00:03]} 18. Kh2
{[%emt 0:00:03]} f5 {[%emt 0:00:02]} 19. Rc5 {[%emt 0:00:07]} Rcd8 {[%emt 0:00:
14]} 20. Bh3 {[%emt 0:00:06]} Qe7 {[%emt 0:00:02]} 21. Qh5 {[%emt 0:00:09]} Rf6
{[%emt 0:00:16]} 22. Qg5 {[%emt 0:00:03]} Rdf8 {[%emt 0:00:04]} 23. Rfc1 {
[%emt 0:00:11]} Kh8 {[%emt 0:00:09]} 24. Qf4 {[%emt 0:00:08]} Rh6 {[%emt 0:00:
08]} 25. Kg1 {[%emt 0:00:08]} g5 {[%emt 0:00:15]} 26. Qe5+ {[%emt 0:00:31]}
Qxe5 {[%emt 0:00:04]} 27. dxe5 {[%emt 0:00:00]} gxh4 {[%emt 0:00:01]} 28. Bf1 {
[%emt 0:00:04]} hxg3 {[%emt 0:00:02]} 29. fxg3 {[%emt 0:00:32]} a6 {[%emt 0:00:
03]} 30. a4 {[%emt 0:00:10]} Rg8 {[%emt 0:00:34]} 31. R1c2 {[%emt 0:00:26]}
Rxg3+ {[%emt 0:00:15]} 32. Rg2 {[%emt 0:00:02]} Rhg6 {[%emt 0:00:03]} 33. axb5
{[%emt 0:00:04]} axb5 {[%emt 0:00:02]} 34. Kf2 {[%emt 0:00:06]} Rf3+ {[%emt 0:
00:03]} 35. Kg1 {[%emt 0:00:09]} Rxg2+ {[%emt 0:00:48] ' Gan-Od_Sereenen
offers a draw} 36. Kxg2 {[%emt 0:00:05]} Rxe3 {[%emt 0:00:01]} 37. Bxb5 {[%emt
0:00:06]} Rb3 {[%emt 0:00:27]} 38. Bxc6 {[%emt 0:00:04]} Bxc6 {[%emt 0:00:01]}
39. Rxc6 {[%emt 0:00:01]} Rxb2+ {[%emt 0:00:00]} 40. Kg3 {[%emt 0:00:01]} Kg7 {
[%emt 0:00:01] Lord Shiva offers a draw} 1/2-1/2

[Event "SportAccord MindGames Final Tournament"]
[Site "playchess.com #044013"]
[Date "2011.10.29"]
[Round "4"]
[White "Beca King"]
[Black "ChennaiKramnik"]
[Result "1-0"]
[WhiteElo "2650"]
[BlackElo "2556"]
[PlyCount "117"]
[EventDate "2011.10.29"]
[EventType "tourn (blitz)"]

1. d4 {[%emt 0:00:01]} Nf6 {[%emt 0:00:01]} 2. Nf3 {[%emt 0:00:01]} g6 {[%emt
0:00:03]} 3. c4 {[%emt 0:00:01]} Bg7 {[%emt 0:00:02]} 4. Nc3 {[%emt 0:00:01]}
d5 {[%emt 0:00:01]} 5. Bg5 {[%emt 0:00:02]} Ne4 {[%emt 0:00:03]} 6. Bh4 {[%emt
0:00:01]} Nxc3 {[%emt 0:00:02]} 7. bxc3 {[%emt 0:00:01]} dxc4 {[%emt 0:00:01]}
8. e4 {[%emt 0:00:02]} Be6 {[%emt 0:00:05]} 9. Nd2 {[%emt 0:00:07]} b5 {[%emt
0:00:04]} 10. Be2 {[%emt 0:00:12]} c6 {[%emt 0:00:02]} 11. O-O {[%emt 0:00:01]}
O-O {[%emt 0:00:01]} 12. a4 {[%emt 0:00:05]} a6 {[%emt 0:00:21]} 13. Nf3 {
[%emt 0:00:06]} h6 {[%emt 0:00:04]} 14. Bg3 {[%emt 0:00:04]} Bc8 {[%emt 0:00:
11]} 15. Qd2 {[%emt 0:00:02]} Nd7 {[%emt 0:00:07]} 16. h3 {[%emt 0:00:04]} Bb7
{[%emt 0:00:02]} 17. Qe3 {[%emt 0:00:01]} Nb6 {[%emt 0:00:09]} 18. Rfd1 {[%emt
0:00:02]} Nxa4 {[%emt 0:00:04]} 19. Bf4 {[%emt 0:00:03]} g5 {[%emt 0:00:05]}
20. Bg3 {[%emt 0:00:01]} Nb6 {[%emt 0:00:22]} 21. h4 {[%emt 0:00:01]} f6 {
[%emt 0:00:04]} 22. Nh2 {[%emt 0:00:06]} e6 {[%emt 0:00:07]} 23. f4 {[%emt 0:
00:03]} Qe7 {[%emt 0:00:13]} 24. d5 {[%emt 0:00:05]} Nd7 {[%emt 0:00:12]} 25.
dxe6 {[%emt 0:00:03]} Qxe6 {[%emt 0:00:16]} 26. hxg5 {[%emt 0:00:01]} hxg5 {
[%emt 0:00:10]} 27. f5 {[%emt 0:00:03]} Qf7 {[%emt 0:00:07]} 28. Ng4 {[%emt 0:
00:14]} Rfe8 {[%emt 0:00:04]} 29. Kf2 {[%emt 0:00:05]} Bf8 {[%emt 0:00:04]} 30.
Rxd7 {[%emt 0:00:03]} Re7 {[%emt 0:00:10]} 31. Rxe7 {[%emt 0:00:04]} Qxe7 {
[%emt 0:00:01]} 32. e5 {[%emt 0:00:02]} fxe5 {[%emt 0:00:04]} 33. f6 {[%emt 0:
00:01]} Qc5 {[%emt 0:00:01]} 34. Rf1 {[%emt 0:00:32]} Qxe3+ {[%emt 0:00:09]}
35. Kxe3 {[%emt 0:00:01]} Bc5+ {[%emt 0:00:02]} 36. Kd2 {[%emt 0:00:01]} e4 {
[%emt 0:00:03]} 37. Ne5 {[%emt 0:00:05]} a5 {[%emt 0:00:08]} 38. Bg4 {[%emt 0:
00:08]} e3+ {[%emt 0:00:05]} 39. Kc2 {[%emt 0:00:03]} Bc8 {[%emt 0:00:02]} 40.
Bxc8 {[%emt 0:00:12]} Rxc8 {[%emt 0:00:01]} 41. Nd7 {[%emt 0:00:01]} Ba3 {
[%emt 0:00:07]} 42. f7+ {[%emt 0:00:02]} Kg7 {[%emt 0:00:02]} 43. Be5+ {[%emt
0:00:01]} Kg6 {[%emt 0:00:03]} 44. f8=Q {[%emt 0:00:01]} Bxf8 {[%emt 0:00:02]}
45. Nxf8+ {[%emt 0:00:09]} Kh5 {[%emt 0:00:02]} 46. Nd7 {[%emt 0:00:01]} b4 {
[%emt 0:00:07]} 47. Re1 {[%emt 0:00:02]} Rd8 {[%emt 0:00:06]} 48. Nf6+ {[%emt
0:00:03]} Kg6 {[%emt 0:00:01]} 49. Rxe3 {[%emt 0:00:07]} b3+ {[%emt 0:00:01]}
50. Kc1 {[%emt 0:00:01]} a4 {[%emt 0:00:02]} 51. Ne4 {[%emt 0:00:17]} a3 {
[%emt 0:00:05]} 52. Re1 {[%emt 0:00:05]} Re8 {[%emt 0:00:10]} 53. Bd6 {[%emt 0:
00:02]} Re6 {[%emt 0:00:02]} 54. Bxa3 {[%emt 0:00:02]} Re5 {[%emt 0:00:02]} 55.
g4 {[%emt 0:00:01]} Rd5 {[%emt 0:00:01]} 56. Kb2 {[%emt 0:00:02]} Rd3 {[%emt 0:
00:01]} 57. Bc5 {[%emt 0:00:04]} Rf3 {[%emt 0:00:02]} 58. Nd2 {[%emt 0:00:02]}
Rf4 {[%emt 0:00:02]} 59. Re4 {[%emt 0:00:01] ChennaiKramnik resigns} 1-0

[Event "SportAccord MindGames Final Tournament"]
[Site "playchess.com #044013"]
[Date "2011.10.29"]
[Round "4"]
[White "FCChelsea"]
[Black "Crg"]
[Result "1-0"]
[WhiteElo "2527"]
[BlackElo "2592"]
[PlyCount "127"]
[EventDate "2011.10.29"]
[EventType "tourn (blitz)"]

1. Nf3 {[%emt 0:00:02]} d5 {[%emt 0:00:03]} 2. c4 {[%emt 0:00:02]} c6 {[%emt 0:
00:03]} 3. d4 {[%emt 0:00:01]} Nf6 {[%emt 0:00:01]} 4. Qb3 {[%emt 0:00:02]} a6
{[%emt 0:00:04]} 5. g3 {[%emt 0:00:05]} b5 {[%emt 0:00:02]} 6. cxb5 {[%emt 0:
00:06]} cxb5 {[%emt 0:00:02]} 7. a4 {[%emt 0:00:02]} bxa4 {[%emt 0:00:45]} 8.
Qxa4+ {[%emt 0:00:05]} Bd7 {[%emt 0:00:02]} 9. Qd1 {[%emt 0:00:11]} e6 {[%emt
0:00:02]} 10. Bg2 {[%emt 0:00:02]} Bb4+ {[%emt 0:00:03]} 11. Bd2 {[%emt 0:00:
02]} Qb6 {[%emt 0:00:01]} 12. O-O {[%emt 0:00:04]} O-O {[%emt 0:00:01]} 13. Nc3
{[%emt 0:00:12]} Nc6 {[%emt 0:00:12]} 14. Na4 {[%emt 0:00:09]} Qa7 {[%emt 0:00:
22]} 15. Bxb4 {[%emt 0:00:03]} Nxb4 {[%emt 0:00:00]} 16. Nc5 {[%emt 0:00:01]}
Bb5 {[%emt 0:00:01]} 17. Ne5 {[%emt 0:00:05]} Rfc8 {[%emt 0:00:18]} 18. Qd2 {
[%emt 0:00:02]} Nc6 {[%emt 0:00:01]} 19. Nxc6 {[%emt 0:00:08]} Rxc6 {[%emt 0:
00:00]} 20. Ra5 {[%emt 0:00:07]} Nd7 {[%emt 0:00:05]} 21. b4 {[%emt 0:00:23]}
Nb6 {[%emt 0:00:03]} 22. Qf4 {[%emt 0:00:08]} Nc4 {[%emt 0:00:24]} 23. Ra2 {
[%emt 0:00:03]} Qc7 {[%emt 0:00:18]} 24. Rfa1 {[%emt 0:00:12]} Qc8 {[%emt 0:00:
14]} 25. e4 {[%emt 0:00:05]} Nb6 {[%emt 0:00:02]} 26. exd5 {[%emt 0:00:06]}
Nxd5 {[%emt 0:00:07]} 27. Bxd5 {[%emt 0:00:02]} exd5 {[%emt 0:00:00]} 28. Re1 {
[%emt 0:00:01]} Bc4 {[%emt 0:00:04]} 29. Ra3 {[%emt 0:00:04]} Rf6 {[%emt 0:00:
03]} 30. Qe5 {[%emt 0:00:13]} h6 {[%emt 0:00:03]} 31. Rae3 {[%emt 0:00:03]} Qh3
{[%emt 0:00:06]} 32. Qe7 {[%emt 0:00:50] .} Bb5 {[%emt 0:00:17]} 33. Qb7 {
[%emt 0:00:08]} Rd8 {[%emt 0:00:01]} 34. Qc7 {[%emt 0:00:04]} Rdd6 {[%emt 0:00:
05]} 35. Qe7 {[%emt 0:00:09]} Rxf2 {[%emt 0:00:09]} 36. Kxf2 {[%emt 0:00:01]}
Qxh2+ {[%emt 0:00:01]} 37. Kf3 {[%emt 0:00:02]} Rf6+ {[%emt 0:00:00]} 38. Kg4 {
[%emt 0:00:05]} h5+ {[%emt 0:00:04]} 39. Kg5 {[%emt 0:00:02]} Rg6+ {[%emt 0:00:
07]} 40. Kf5 {[%emt 0:00:01]} Qf2+ {[%emt 0:00:02]} 41. Ke5 {[%emt 0:00:02]}
Rxg3 {[%emt 0:00:01]} 42. Kd6 {[%emt 0:00:01]} Qf4+ {[%emt 0:00:03]} 43. Qe5 {
[%emt 0:00:02]} Rg6+ {[%emt 0:00:00]} 44. Kc7 {[%emt 0:00:01]} Qh4 {[%emt 0:00:
01]} 45. Qe7 {[%emt 0:00:02]} Rc6+ {[%emt 0:00:02]} 46. Kb7 {[%emt 0:00:01]}
Qf4 {[%emt 0:00:01]} 47. Re5 {[%emt 0:00:03]} Rf6 {[%emt 0:00:04]} 48. Qe8+ {
[%emt 0:00:01]} Kh7 {[%emt 0:00:01]} 49. Rxh5+ {[%emt 0:00:02]} Kg6 {[%emt 0:
00:01]} 50. Qe5 {[%emt 0:00:01]} Bc6+ {[%emt 0:00:02]} 51. Kb6 {[%emt 0:00:01]}
Be8+ {[%emt 0:00:02]} 52. Ka7 {[%emt 0:00:01]} Qxe5 {[%emt 0:00:01]} 53. Rexe5
{[%emt 0:00:01]} Rc6 {[%emt 0:00:06]} 54. Rhg5+ {[%emt 0:00:02]} Kf6 {[%emt 0:
00:01]} 55. Rgf5+ {[%emt 0:00:01]} Kg6 {[%emt 0:00:01]} 56. Rf2 {[%emt 0:00:01]
} Rc8 {[%emt 0:00:02]} 57. Kxa6 {[%emt 0:00:01]} Bc6 {[%emt 0:00:02]} 58. b5 {
[%emt 0:00:02]} Ra8+ {[%emt 0:00:00]} 59. Kb6 {[%emt 0:00:01]} Be8 {[%emt 0:00:
00]} 60. Kb7 {[%emt 0:00:03]} Rd8 {[%emt 0:00:03]} 61. b6 {[%emt 0:00:02]} f6 {
[%emt 0:00:02]} 62. Re7 {[%emt 0:00:02]} Bb5 {[%emt 0:00:01]} 63. Rg2+ {[%emt
0:00:01]} Kf5 {[%emt 0:00:01]} 64. Rgxg7 {[%emt 0:00:01] Crg resigns} 1-0